Los problemas de la filosofía de la cultura / (Record no. 132308)
[ view plain ]
| 000 -LEADER | |
|---|---|
| campo de control de longitud fija | 00664nam a2200205 i 4500 |
| 001 - NÚMERO DE CONTROL | |
| campo de control | 132308 |
| 003 - IDENTIFICADOR DE NÚMERO DE CONTROL | |
| campo de control | ES-MaACL |
| 005 - FECHA Y HORA DE LA ÚLTIMA TRANSACCIÓN | |
| campo de control | 20250911063551.0 |
| 007 - CAMPO FIJO DE DESCRIPCIÓN FÍSICA--INFORMACIÓN GENERAL | |
| campo de control de longitud fija | t| |
| 008 - DATOS DE LONGITUD FIJA--INFORMACIÓN GENERAL | |
| campo de control de longitud fija | 070214s1936 ag r ||||1| spa d |
| 080 ## - NÚMERO DE LA CLASIFICACIÓN DECIMAL UNIVERSAL | |
| Número de la Clasificación Decimal Universal | 130.2 |
| 100 0# - ENTRADA PRINCIPAL--NOMBRE DE PERSONA | |
| Nombre de persona | Romero, Francisco, |
| Fechas asociadas al nombre | 1891-1962 |
| 9 (RLIN) | 99324 |
| 245 14 - MENCIÓN DEL TÍTULO | |
| Título | Los problemas de la filosofía de la cultura / |
| Mención de responsabilidad, etc. | Francisco Romero. |
| 260 ## - PUBLICACIÓN, DISTRIBUCIÓN, ETC. | |
| Lugar de publicación, distribución, etc. | Santa Fé [Argentina] : |
| Nombre del editor, distribuidor, etc. | Universidad Nacional del Litoral, Instituto Social, |
| Fecha de publicación, distribución, etc. | 1936. |
| 300 ## - DESCRIPCIÓN FÍSICA | |
| Extensión | 27 p. ; |
| Dimensiones | 23 cm. |
| 650 ## - PUNTO DE ACCESO ADICIONAL DE MATERIA--TÉRMINO DE MATERIA | |
| Término de materia o nombre geográfico como elemento de entrada | Cultura- |
| Subdivisión general | Filosofía. |
| 9 (RLIN) | 11518 |
| 710 2# - ENTRADA AGREGADA--NOMBRE DE ENTIDAD CORPORATIVA | |
| Nombre de entidad corporativa o nombre de jurisdicción como elemento de entrada | Universidad Nacional del Litoral. |
| 9 (RLIN) | 7427 |
| 852 ## - LOCALIZACIÓN | |
| Ubicación | ES-MaACL |
| Número de control de estantería | 1820-F-25 |
| Estatus retirado | Estado de pérdida | Estado de daño | No para préstamo | Colección | Biblioteca de origen | Biblioteca actual | Ubicación en estantería | Fecha de adquisición | Fuente de adquisición | Total de préstamos | Signatura topográfica completa | Código de barras | Visto por última vez | Precio de reemplazo | Tipo de ítem Koha |
|---|---|---|---|---|---|---|---|---|---|---|---|---|---|---|---|
| Colección de folletos | Biblioteca del Ateneo de Madrid | Biblioteca del Ateneo de Madrid | Depósito folletos | 17/01/2008 | 1820-F-25 | 1137746 | 23/02/2023 | 23/02/2023 | Folleto |
